00548 2200169 4500001002100000005001500021035002000036007000300056008003900059082000700098084001300105100001000118245016600128260004600294650002300340990001500363INLIS00000000000988120260413122706 a0010-0426000184ta260413 | | |  a11 a11 ANI k0 aANITA1 aKUALITAS PELAYANAN PEMBUATAN KARTU PENCARI KERJA AK.1 DI DINAS PERINDUSTRIAN TRANSMIGRASI DAN TENAGA KERJA KABUPATEN KATINGAN PROVINSI KALIMANTAN TENGAH /cANITA aPALANGKA RAYA :bPERPUSTAKAAN UMPR,c2026 4aKUALITAS PELAYANAN a2311228681